000 00864nam a2200169 4500
001 6093
005 20181127180846.0
020 0 0 _a9789993680017
100 _aDratshang, Jangchub Pelri.
_b
_c
_d
_e
_q
245 0 0 _aBlossoms of dongdola :
_bBiographies of Drupthob Namgyal Lhundup and successive Padtshaling Trulkus /
_cJangchub Pelri Dratshang.
_h
260 0 0 _aThimphu :
_bJangchub Pelri Dratshang,
_c2011.
300 0 0 _a114 p. : ill.
505 _aHistory of the Padtshaling Monastery -- Biography - The first Padtshaling Trulku: Namgyal Lhundup -- Successive incarnations of the Padtshaling Trulku -- The Fifth Trulku: Pema Kunzang Tenzin Gyamtsho -- Ku Sung Thukten of Jangchub Pelri Monastery -- The Religious tradition.
_g
_r
_t
650 0 0 _aBrug-pa lamas --Bhutan.
_x
650 0 0 _aBuddhism --Bhutan.
_x
650 0 0 _aPadtshaling Monastery -- Bhutan -- History.
_x
999 _c5142
_d5142